00318pab a2200121 454500008004000000100002400040245005700064260000900121300001100130362000900141650001400150773003200164180718b1984 xxu||||| |||| 00| 0 eng d aAndrain, Charles F. aCapitalism and Democracy reappraisedbA review easay c1984 a652-64 aDec. aDemocracy aWestern Political Quarterly